Les Communautés Anarchiste - Statistiques

Statistiques générales
  • Ce quiz a été pris 25 fois
  • Le résultat moyen est 4 sur 11
Réponses sur la Carte
Les réponses sont colorées sur une échelle allant du rouge au vert en fonction du pourcentage des utilisateurs qui les ont devinées à leur premier essai. Vous pouvez retrouver ces pourcentages ci-dessous.
 
Statistiques - réponses
Années Sociétés libertaire % Correct
930-1262 État libre Islandais
73%
1871 Commune de Paris
68%
1936-1937 Révolution Sociale espagnole
50%
2012- Rojava
50%
1919 République des conseils de Bavière
45%
1918-1921 Makhnovchtchina
41%
1918 République des conseils d'Alsace Moselle
41%
1911 République socialiste de Basse-Californie
23%
1994- Chiapas
18%
1903 République de Strandja
5%
1929-1932 Région autonome de Shinmin
0%
Aucun quiz correspondant
Distribution des résultats
% des personnes avec chaque résultat
Percentile par nombre de réponses
Votre historique - résultats
Vous n’avez pas pris ce quiz